| 000 | 00570nam a2200193Ia 4500 | ||
|---|---|---|---|
| 005 | 20230216114016.0 | ||
| 008 | 131103s9999 xx 000 0 und d | ||
| 040 | _aLoreto College | ||
| 041 | _aEnglish | ||
| 082 |
_a954.01 _bSAS |
||
| 245 | 4 |
_aThe age of the Nandas and Mauryas _cedited by K.A.Nilakanta Sastri |
|
| 260 |
_aBanaras _bMotilal Banarsidass _c1952 |
||
| 300 |
_axii,438 p. _b ill. |
||
| 504 | _aIncludes index and bibliographical references | ||
| 650 | _aIndia - Ancient History | ||
| 700 | _aSastri,K.A.Nilakanta;ed. | ||
| 850 | _aLCLIB | ||
| 942 | _cBK | ||
| 999 |
_c9328 _d59807 |
||